000 00864nam a22002652 4500
001 13196
003 BD-RjUL
005 20211208235423.0
008 140130s1963 maua b 000 0 eng
035 _aOCLC ocm00564219 from D971006M
_a(BD-RjUL)13247
040 _aDLC
_cDLC
_dUKM
_dEQO
_dBD-RjUL
_beng
041 _aeng
082 0 0 _a628.54
_bNET 1963
100 1 _aNemerow, Nelson L.
_941100
245 0 0 _aTheories and practices of industrial waste treatment /
_cNelson Leonard Nemerow.
260 _aReading, Mass. :
_bAddison-Wesley Pub. Co.,
_cc1963.
300 _a557 p. :
_billus. ;
_c24 cm.
490 0 _aAddison-Wesley series in the engineering sciences
504 _aIncludes bibliography.
650 0 _aFactory and trade waste.
_940953
740 0 1 _aIndustrial waste treatment.
942 _2ddc
_cBK
999 _c13196
_d13196